| 000 | 00976nam a2200229 a 4500 | ||
|---|---|---|---|
| 001 | 000023563 | ||
| 005 | 20200930022318.0 | ||
| 008 | 101213s1998 ve a r 000 0 spa d | ||
| 020 |
_a9800012265 _z9800751149 |
||
| 040 |
_aDO-SdBNP _bspa _cBNPHU |
||
| 082 |
_a338.9187 _bZ94e |
||
| 100 | 1 |
_aZuleta Ibargüen, Guido, _948571 |
|
| 245 | 1 | 0 |
_aEvaluación de proyectos y desarrollo sustentable / _cGuido Zuleta Ibargüen ; introducción de Juan Guillermo Espinosa. |
| 260 |
_aCaracas ; _aSantiago de Chile : _bCentro Interamericano de Enseñanza de Estadística ; _bCentro de Estudios del Desarrollo Universidad Central de Venezuela, _c1998. |
||
| 300 |
_axiv, 204 p. : _bil. ; _c23 cm. |
||
| 504 | _aIncluye referencias bibliográficas y notas al pie de las páginas. | ||
| 650 | 4 |
_aCrecimiento y desarrollo _948572 |
|
| 650 | 4 |
_aCrecimiento sostenible _948573 |
|
| 650 | 4 |
_aEvaluación de proyectos _920596 |
|
| 700 | 1 |
_aEspinosa, Juan Guillermo, _eintr. _948574 |
|
| 049 | _aBNGR | ||
| 999 |
_c23059 _d23059 |
||